| 000 | 00623nam a2200277Ia 4500 | ||
|---|---|---|---|
| 008 | 210210b1916 xxu||||| |||| 00| 0 eng d | ||
| 041 | _aeng | ||
| 082 | _a920/139 | ||
| 100 | _aPILLAI (Ananda Ranga) | ||
| 245 | _aPrivate diary of Ananda Ranga Pillai Vol IV March 1747 to March 1748 | ||
| 260 |
_aMadras _bGovernment Press _c1916 |
||
| 650 | _aVol | ||
| 650 | _aV | ||
| 650 | _ato | ||
| 650 | _aRanga | ||
| 650 | _aPrivate | ||
| 650 | _aPillai | ||
| 650 | _aof | ||
| 650 | _aOct | ||
| 650 | _adiary | ||
| 650 | _aApril | ||
| 650 | _aAnanda | ||
| 650 | _a1748 | ||
| 690 | _aHistory | ||
| 906 | _a024881 | ||
| 999 |
_c150501 _d150501 |
||